000 00863cam a2200229 i 4500
005 20251215115646.0
008 250721s2001 jo gr 000 0 ara d
082 1 4 _a956
_bم ح ا
100 1 _aمحاسنة، محمد حسين
_eمؤلف
245 1 0 _aتاريخ الحضارة و النظم الإسلامية /
_cتأليف الدكتوره محمد حسين محاسنه.
250 _aالطبعه الاولى.
264 3 1 _bالدكتوره محمد حسين محاسنه،
_c2001.
_aعمان :
300 _a352صفحة.
650 1 7 _aالتاريخ الإسلامي.
650 1 7 _aالحضارة الإسلامية.
650 1 7 _aالعمارة الإسلامية.
650 1 7 _aالأحكام السلطانية.
650 1 7 _aالعرب.
650 1 7 _aعلم الكلام.
942 _2ddc
_cBK
999 _c17892
_d17892